MDQL
is popping MORE tags! Check the
thread
!
Quizzes
Events
Quiz Creation
Community
Videos
Private Events
Remove Ads
Sign In
Join for FREE
Feedback
Dark Mode
Quiz Categories
Sports
Geography
Music
Movies
Television
Just For Fun
Miscellaneous
History
Literature
Language
Science
Gaming
Entertainment
Religion
Holiday
For Kids
Quiz Lab
Recent
Popular Today
Quiz Kudos Today
Editor Picks
Curator Picks
Quizzes by...
Day
Popularity
Type
Ratings
Length
Year
Community
Subscriptions
Recent Discussions
Orange Saloon
Badges
Playlists
Quests
Create
Leaderboards
Showdown
Live 5
Trivia Bingo
Activity
Puzzle Library
Sporcle Events
Private Events
Virtual Trivia
Globe League
Become a Host
Pub Owners
SporcleCon
Opinionation
Our Games
Videos
Blog
Mobile Apps
Partnerships
Remove Ads and Go Orange
Feedback
Just For Fun
Clickable
Get the Picture
Humor
Quick Pick
Word Ladder
Missing Word
Mixed Word
Blitz
Minefield
This or That
Alphabet
Color
Typing
Sporcle
Puzzle
Word Play
Follow That Line
Logic
Just For Fun
Clickable
Get the Picture
Humor
Quick Pick
Word Ladder
Missing Word
Mixed Word
Blitz
Minefield
This or That
Alphabet
Color
Typing
Sporcle
Puzzle
Word Play
Follow That Line
Logic
Random Quiz
Search Sporcle
×
Quiz Lab
Quiz Lab
Just For Fun
Family
Type in answers that appear in a list
Type in answers that appear in a list
Classic
Best Score? Go Orange.
Family Feud Stats
Can you guess all the answers to these various questions?
By
LogicFreak
7m
27 Questions
311 Plays
311 Plays
311 Plays
Comments
Comments
Give Quiz Kudos
Give Quiz Kudos
-
- Ratings
hide this ad
More Info
Replay
Link that replays current quiz
Next Quiz
Link to next quiz in quiz playlist
You Got
0%
They Got
Avg Score
32%
Avg Friend Score
Upgrade to see
Score Distribution
Jump to the score distribution portion of the page
Score
0/27
Timer
07:00
0
Plays Today
Question
Top Answers
% Correct
Name a fast food store
McDonalds
86.8%
Name a Looney Tunes Character
Bugs Bunny
85.5%
Name a fast food store
Burger King
80.1%
Name a Looney Tunes Character
Daffy Duck
68.5%
Name something you can't live without
Water
65.3%
Name an Eminem Song
Lose Yourself
51.1%
Name something you can't live without
Family
46%
Name something you can't live without
House
41.2%
Name a Looney Tunes Character
Sylvester, Jose, Manuel (cats)
40.2%
Name an Eminem Song
The Real Slim Shady
39.9%
Name a Looney Tunes Character
Taz
39.2%
Name a Looney Tunes Character
Porky Pig
38.9%
Name an Eminem Song
Stan
33.1%
Name something you can't live without
TV
23.8%
Question
Top Answers
% Correct
Name an Eminem Song
Rap God
19.9%
Name an Eminem Song
Not Afraid
18.6%
Name something you can't live without
Computer
17.4%
Name an Eminem Song
The Monster
17%
Name a Looney Tunes Character
Foghorn Leghorn
14.5%
Name a Looney Tunes Character
Speedy Gonzales
11.3%
Name a fast food store
Jack in the Box
8%
Name a game that gives you nightmares
Slenderman
8%
Name a game that gives you nightmares
Five Nights at Freddy's
6.1%
Name an Eminem Song
Till' I Collapse
5.8%
Name a fast food store
Dunkin' Donuts
5.5%
Name an Eminem Song
When I'm Gone
5.1%
Name a game that gives you nightmares
Dead Space
1.6%
Quiz Playlist
Details
Report
Send in Message
Add To Playlist
More Info:
This is a trivia game, Family Feud style! Type what you think are the top answers, and if they're up there, you get points! Enjoy!
Classic:
Type in answers that appear in a list
Last Updated: Feb 16, 2017
Quiz Scoreboard
CHALLENGE
Sign Up to Join the Scoreboard
Show All
Scores
Hide
Comments
May contain spoilers
Recently Published
Find the 'City' Movie
by crazypaving
Movies
60s
5x2 Blitz: Bands
by SL_Kpop136
Music
30s
Colored Red Africa Blitz
by spor1
Geography
30s
More to Explore
Quiz From the Vault
Featured Blog Post
14 Easter Pick-up Lines to Find Eggs With
hide this ad
You Might Also Like...
Tags
Family
feud
Vote
Today's Top Quizzes in Just For Fun
Browse Just For Fun
hide this ad
Today's Top Quizzes in Family
Browse Family
Top Contributed Quizzes in Just For Fun
1
Name Just One - 10 to 1: Just For Fun
2
Avatar the Last Airbender: Logic Puzzle
3
Missing Word: 2-Letter A-Z II
4
Missing Letter Whitney Houston Songs
5
Survivor Winners Logic Puzzle
6
It's Magic / Witchcraft 🎩🪄🧙♀️
7
Missing Word: 'Of' Things A-Z
8
Shadowhunters Protagonists Logic Quiz
9
Quick 5-Color Logic (18)
10
Medium Renzoku Puzzle 11
Explore More
Trending Topics
Crossword
NBA
Disney
Kpop
Harry Potter
Anime
Marvel
WWE
Pokémon
NFL
Country
Soccer
The Office
Puzzle
Song
hide this ad
More By:
LogicFreak
Quiz
Plays
Rating
Category
Featured
Created
Eminem, Kanye, or Drake?
5,990
3.50
Music
May 1, 2014
Top Songs of 2014
1,793
3.75
Music
May 8, 2014
A Pokemon Showdown
1,180
2.60
Gaming
May 4, 2014
Most Guessed Eminem Song By Letter
338
3.33
Music
Dec 23, 2014
Family Feud
311
3.33
Just For Fun
Dec 23, 2014
Go to Creator's Profile
Score Distribution
Quiz Creator Spotlight
LogicFreak
Follow
Send a Message
Quizzes Created
-
Created Quiz Play Count
-
More By This Creator
Popular Quizzes Today
1
Colored Red Africa Blitz
2
Find the 'City' Movie
3
Find the US States - No Outlines Minefield
4
5x2 Blitz: Bands
5
The Countries of the World
6
Find the US States
7
Find the Countries of Europe - No Outlines Minefield
8
US States
More Just For Fun Quizzes
Easy Sudoku #17
Quiz Lab
Trending Quizzes
Colored Red Europe Blitz I
Colored Red Africa Blitz II
Colored Red Europe Blitz II
Colored Red Europe Blitz III
Colored Red Africa Blitz III
Recently Updated
How Do You Spell That?
pecheneg
Godzilla Movies
pecheneg
Grab Bag: 4-10 Letters
pecheneg
2024 March Madness Bracket
pecheneg
Famous TV Couples
Peacemaker
Champions League XIs: Real Madrid
pecheneg
Largest US Cities 1790-2010
pecheneg
Rides in Walt Disney World
pecheneg
Most Oscar Losses (Acting)
pecheneg
Beyoncé Albums
pecheneg
Trending Topics
Harry Potter
Anime
NBA
Crossword
Kpop
Marvel
Disney
Country
Soccer
Song
Pokémon
WWE
The Office
Puzzle
NFL
Your Account Isn't Verified!
In order to create a playlist on Sporcle, you need to verify the email address you used during registration. Go to your
Sporcle Settings
to finish the process.
Report this User
Report this user for behavior that violates our
Community Guidelines
.
Details:
Send Report
Go to the Sporcle.com Mobile Site →
Comments